000 00478nam a2200157Ia 4500
999 _c35517
_d35517
003 GCL
005 20240530102934.0
008 140319s9999 xx 000 0 ara d
040 _aGCL /
_cGCL
082 0 4 _a214.3
_bع ا
100 0 _aعبدالواحد اسماعيل القاضى
245 1 0 _aالاسلام والبيئة /
_cعبدالواحد اسماعيل القاضى
260 _a[S.N] :
_bدار الاعتصام ،
_c1991
300 _a128 ص
942 _2ddc
_cBK